Ανάλυση και σχεδιασμός πληροφοριακών συστημάτων : γενικές αρχές - μεθοδολογία - πρότυπα - διαδικασίες = Information systems analysis and design : a procedural approach

Αποθηκεύτηκε σε:
Λεπτομέρειες βιβλιογραφικής εγγραφής
Κύριος συγγραφέας: Χαραμής, Γεώργιος Ε.
Μορφή: Βιβλίο
Γλώσσα:Greek
Δημοσίευση: Θεσσαλονίκη : Ανικούλα, 1998.
Έκδοση:4η έκδ.
Θέματα:
Ετικέτες: Προσθήκη ετικέτας
Δεν υπάρχουν, Καταχωρήστε ετικέτα πρώτοι!

MARC

LEADER 00000cam a2200000 i 4500
001 1/21736
008 010925s1998####gr | | ||| |||| ||gre||
035 |l 10067346  
040 |a GR-MY-UA  |b gre  |e aacr 
041 0 |a gre 
082 0 |a 658.4038  
100 1 |a Χαραμής, Γεώργιος Ε. 
245 1 0 |a Ανάλυση και σχεδιασμός πληροφοριακών συστημάτων :   |b γενικές αρχές - μεθοδολογία - πρότυπα - διαδικασίες = Information systems analysis and design : a procedural approach /   |c Γεωργίου Ε. Χαραμή.  
246 1 |i Παράλληλος τίτλος:   |a Information systems analysis and design :   |b a procedural approach  
250 |a 4η έκδ.  
260 |a Θεσσαλονίκη :   |b Ανικούλα,   |c 1998.  
300 |a 488 σ.  
504 |a Περιλαμβάνει βιβλιογραφία.  
650 0 0 |a Management information systems. 
852 |a INST  |b CHIOS  |e 20010925  |h 658.4038 ΧΑΡ  |p 005200020944  |q 005200020944  |t BK  |y 0 
901 |a BIBL2-2001-3 
909 |a Χ  |b 080853 
922 |a 2ΕΛΗ  |b 200008  |c ΤΔΕ  |d Παπασωτηρίου 
950 |a 112-2000-07-25 
970 |a Σαλαμούρα  |b Μαρία  |z 2001/10/02